Les attractions du Futuroscope - Statistiques

Statistiques générales
  • Ce quiz a été pris 59 fois
  • Le résultat moyen est 8 sur 42
Statistiques - réponses
Zone du parc Nom de l'attraction % Correct
Futuroscope-Pavillon de la Vienne La Vienne Dynamique
86%
Futuroscope-Pavillon du Coaster et de l'Objectivité Objectif Mars
78%
Futuroscope-Pavillon des Robots Danse avec les Robots
65%
Futuroscope-Tapis Magique L'Extraordinaire Voyage
53%
Futuroscope-Cinéma Dynamique 2 Dynamic!
49%
Futuroscope-Images Studio Chasseurs de Tornades
37%
Futuroscope-Imax 3D Dynamique Arthur, l'Aventure 4D
35%
Futuroscope-Aquascope Chocs Cosmiques
33%
Futuroscope-Pavillon de la Communication/Pavillon de l'Imaginaire La Machine à voyagerdans le temps
31%
Futuroscope-Pavillon de l'Observation Gyrotour
29%
Futuroscope-Kinémax Kinémax
20%
Futuroscope-Futuropolis Hydro Dynamo
18%
Futuroscope-Pavillon de l'Imaginaire Etincelle: La Malédictionde l'Opale Noire
16%
Futuroscope-Pavillon de l'Imaginaire Les Yeux Grands Fermés
16%
Futuroscope-Pavillon de l'Imaginaire KinéKid
14%
Futuroscope-FuturopolisLes Machines de Quo La Centrifugeuse
14%
Futuroscope-FuturopolisLes Machines de Quo Le Balancier
14%
Futuroscope-L'arcade du Futuroscope Cyber Avenue
12%
Futuroscope-Futuropolis Graines de Pilotes
12%
Futuroscope-FuturopolisLes Machines de Quo La Tour Gravity
12%
Futuroscope-Futuropolis Le Jardin de Bégonia
12%
Futuroscope-FuturopolisLes Inventions de Jules Les Ailes de Vinci
12%
Futuroscope-FuturopolisLa Base nautique de Futuropolis Sauvetage Academy
12%
Futuroscope-FuturopolisLa Base nautique de Futuropolis Aventure Eclabousse
10%
Futuroscope-Futuropolis Les Apprentis Pompiers
10%
Futuroscope-FuturopolisLes Inventions de Jules Les As du Ciel
10%
Futuroscope-FuturopolisLes Machines de Quo Le Turbo Splash
10%
Futuroscope-FuturopolisLes Inventions de Jules L'Ascenso-fusée
8%
Futuroscope-Pavillon du Futuroscope Astra Fun Xperiences
6%
Futuroscope-Omnimax Le Monde de l'Invisible
6%
Futuroscope-Futuropolis Le Vélodrôle
6%
Futuroscope-Futuropolis La Rivière en Chantier
4%
Futuroscope-Futuropolis Les Bateaux Rigolos
4%
Futuroscope-FuturopolisLes Soeurs Elastica La Pyramide
2%
Futuroscope-FuturopolisLa Base nautique de Futuropolis Le Stadium Aqualympique
2%
Futuroscope-Futuropolis L'Aéroport de Futoropolis
0%
Futuroscope-FuturopolisLe Quartier des Bambins L'Arbre Vertige
0%
Futuroscope-FuturopolisLes Inventions de Jules Le Bric à Broc de Jules
0%
Futuroscope-FuturopolisLe Quartier des Bambins Le Cocon
0%
Futuroscope-FuturopolisLes Soeurs Elastica Le Cordacorde
0%
Futuroscope-Futuropolis Le Labyrinthe de Darko
0%
Futuroscope-FuturopolisLes Soeurs Elastica L'Escaladrôme
0%
Aucun quiz correspondant
Distribution des résultats
% des personnes avec chaque résultat
Percentile par nombre de réponses
Votre historique - résultats
Vous n’avez pas pris ce quiz